[Event "AUTO-INT-1901"]
[Site "http://www.queenalice.com/game.php?id=872882"]
[Date "2010.12.16"]
[Round "1"]
[White "arliones"]
[Black "spin"]
[Result "0-1"]
[WhiteElo "1401"]
[BlackElo "1579"]

1. e4 e5 2. Nf3 Nf6 3. Nc3 c6 4. Nxe5 d6 5. Nf3 b5 6. g3 b4 7. Na4 Nxe4 8. Qe2
d5 9. d3 Ba6 10. Qe3 Qd6 11. b3 Nd7 12. dxe4 Bxf1 13. Rxf1 O-O-O 14. Qxa7 Qf6
15. Bb2 Qxf3 16. Nb6+ Nxb6 17. Qxb6 Qxe4+ 18. Kd1 Re8 19. Qxc6+ Kd8 20. Bf6+ Be7
21. Bxe7+ Qxe7 22. Re1 Qxe1# 0-1

[Event "AUTO-INT-1901"]
[Site "http://www.queenalice.com/game.php?id=872883"]
[Date "2010.12.16"]
[Round "1"]
[White "spin"]
[Black "arliones"]
[Result "1-0"]
[WhiteElo "1614"]
[BlackElo "1375"]

1. e4 e5 2. Qh5 Nc6 3. Bc4 g6 4. Qf3 Nf6 5. c3 d6 6. Bb5 a6 7. Bxc6+ bxc6 8. d4
exd4 9. e5 Qe7 10. cxd4 Bb7 11. Bg5 Bg7 12. Ne2 dxe5 13. O-O e4 14. Qf4 Qb4 15.
b3 Nd5 16. Qxe4+ Ne7 17. Nf4 f5 18. Qe3 Bxd4 19. Qxe7+ Qxe7 20. Bxe7 Kxe7 21.
Re1+ Kd7 22. Rd1 c5 23. Na3 Kc6 24. Rac1 Bb2 25. Rc4 Bxa3 26. Nd5 Rad8 27. Ne7+
1-0

[Event "AUTO-INT-1901"]
[Site "http://www.queenalice.com/game.php?id=872884"]
[Date "2010.12.16"]
[Round "1"]
[White "arliones"]
[Black "ivanguedes"]
[Result "1-0"]
[WhiteElo "1375"]
[BlackElo "1621"]

1. e4 d6 2. d4 Nf6 3. e5 Ne4 4. f3 dxe5 5. fxe4 exd4 6. Nf3 c5 7. Bc4 Bg4 8. b3
a6 9. h3 Bh5 10. g4 Bg6 11. Ng5 h6 12. Nf3 Bxe4 13. Qe2 b5 14. Qxe4 bxc4 15.
Qxa8 Qa5+ 16. Bd2 Qb6 17. O-O e6 18. Bf4 Bd6 19. Nh4 Bxf4 20. Rxf4 g5 21. Rf6
Ke7 22. Qf3 Rh7 23. Na3 Nd7 24. Nxc4 Qa7 25. Ng6+ fxg6 26. Rxg6 Qc7 27. Re1 Rf7
28. Rgxe6+ Kf8 29. Re8+ Kg7 30. R1e7 Qf4 31. Qxf4 gxf4 32. Ne5 Nxe5 33. Rxe5 f3
34. Rf5 Rxf5 35. gxf5 Kf6 36. Kf2 Kxf5 37. Kxf3 h5 38. Rg8 Ke5 39. Rg5+ Kd6 40.
Rxh5 Kc6 41. a4 Kb6 42. Rd5 Kc6 43. Ke4 a5 44. h4 1-0

[Event "AUTO-INT-1901"]
[Site "http://www.queenalice.com/game.php?id=872885"]
[Date "2010.12.16"]
[Round "1"]
[White "ivanguedes"]
[Black "arliones"]
[Result "1-0"]
[WhiteElo "1650"]
[BlackElo "1384"]

1. Nf3 d5 2. h3 Nc6 3. d4 b6 4. Bf4 e6 5. a3 g6 6. Ne5 Nxe5 7. Bxe5 f6 8. Bf4
Bd6 9. Bd2 f5 10. e3 Nf6 11. Nc3 Ne4 12. Nxe4 dxe4 13. g4 Qh4 14. Qe2 Bb7 15.
O-O-O O-O-O 16. f4 fxg4 17. Qxg4 Qf6 18. h4 c5 19. dxc5 bxc5 20. Bc3 h5 21. Bxf6
hxg4 22. Bxh8 c4 23. Bf6 Rd7 24. Be5 Kc7 25. Bxd6+ Rxd6 26. Rxd6 Kxd6 27. Rg1
Bc8 28. Rxg4 e5 29. Rxg6+ Be6 30. fxe5+ Kxe5 31. h5 Bf5 32. Rg5 Kf6 33. Rg8 Bh7
34. Rh8 Kg7 35. Ra8 Kh6 36. Rxa7 Bf5 37. Bxc4 Kxh5 38. a4 Bc8 39. a5 Kg4 40. Re7
Kf3 41. Kd2 1-0

[Event "AUTO-OPEN-2198"]
[Site "http://www.queenalice.com/game.php?id=873014"]
[Date "2010.12.17"]
[Round "1"]
[White "brunalegal"]
[Black "arliones"]
[Result "1-0"]
[WhiteElo "1587"]
[BlackElo "1394"]

1. d4 d5 2. c4 dxc4 3. Nc3 g6 4. e4 Nf6 5. Bxc4 Bg7 6. Nge2 Nc6 7. O-O e5 8. Be3
Bg4 9. f3 exd4 10. Nxd4 Nxd4 11. Bxd4 Nxe4 12. Bxg7 Qxd1 13. Raxd1 Nxc3 14. Bxc3
O-O 15. fxg4 Rad8 16. Rxd8 Rxd8 17. Bxf7+ Kf8 18. Bxg6+ Kg8 19. Bf7+ Kf8 20.
Bd5+ Ke8 21. Bxb7 Rb8 22. Bc6+ Kd8 23. Rf8+ 1-0

[Event "AUTO-OPEN-2198"]
[Site "http://www.queenalice.com/game.php?id=873015"]
[Date "2010.12.17"]
[Round "1"]
[White "arliones"]
[Black "brunalegal"]
[Result "0-1"]
[WhiteElo "1394"]
[BlackElo "1643"]

1. e4 c5 2. Qh5 e6 3. d3 Nf6 4. Qf3 Nc6 5. Nh3 d5 6. b3 Nd4 7. Qd1 dxe4 8. c3
Nc6 9. Bg5 Be7 10. g3 exd3 11. Bxd3 O-O 12. O-O e5 13. Bxf6 Bxf6 14. Qh5 g6 15.
Qf3 Bxh3 16. Re1 Bg7 17. Bf1 Bxf1 18. Kxf1 Re8 19. Na3 Qf6 20. Kg2 Qxf3+ 21.
Kxf3 e4+ 22. Rxe4 Rxe4 23. Kxe4 Bxc3 24. Rc1 Bb2 25. Rxc5 Bxa3 26. Re5 Nxe5 27.
Kxe5 Re8+ 28. Kf6 Bc1 29. h4 Re6# 0-1

[Event "AUTO-OPEN-2198"]
[Site "http://www.queenalice.com/game.php?id=873048"]
[Date "2010.12.17"]
[Round "1"]
[White "saturnin"]
[Black "arliones"]
[Result "1-0"]
[WhiteElo "1598"]
[BlackElo "1381"]

1. g3 e5 2. Bg2 Nf6 3. e4 d5 4. Qe2 d4 5. Nf3 b6 6. Nxe5 Ba6 7. d3 Bd6 8. Nf3
Nc6 9. c3 dxc3 10. Nxc3 Qe7 11. O-O O-O-O 12. Rd1 Rhe8 13. Bg5 Nb4 14. a3 Nc6
15. Re1 h6 16. Be3 Ng4 17. Nd4 Nge5 18. Bh3+ Kb7 19. Nd5 Nxd4 20. Bxd4 Bxd3 21.
Qe3 Qe6 22. Bxe6 1-0

[Event "AUTO-OPEN-2198"]
[Site "http://www.queenalice.com/game.php?id=873049"]
[Date "2010.12.17"]
[Round "1"]
[White "arliones"]
[Black "saturnin"]
[Result "0-1"]
[WhiteElo "1385"]
[BlackElo "1533"]

1. e4 e6 2. d4 g6 3. Nf3 d6 4. e5 Bg7 5. Bg5 Ne7 6. Qe2 O-O 7. exd6 cxd6 8. g3
Nbc6 9. Bg2 d5 10. Bxe7 Qxe7 11. O-O Nxd4 12. Nxd4 Bxd4 13. c3 Bc5 14. Nd2 a5
15. Rae1 b6 16. c4 Qd6 17. cxd5 exd5 18. Nf3 Be6 19. Ng5 Rfe8 20. Qf3 d4 21.
Rxe6 Qf8 22. Qd5 fxe6 23. Nxe6 Qf7 24. Nc7 Red8 25. Qxf7+ Kxf7 26. Nxa8 h5 27.
a3 d3 28. Rb1 Kf6 29. b4 Bd4 30. bxa5 bxa5 31. Nb6 Kg5 32. Bf3 Rb8 33. h4+ Kh6
34. Rd1 Rxb6 35. Rxd3 Bb2 36. a4 Rb4 37. Bc6 Rc4 38. Bb5 Rb4 39. Rd5 Kg7 40. f3
Kf6 41. Bc6 Ke6 42. Rxa5 Bc3 43. Ra8 Rb1+ 44. Kf2 Bd4+ 45. Ke2 Kd6 46. Be4 Rb2+
47. Kd3 Be5 48. g4 Rh2 49. gxh5 gxh5 50. Ke3 Rxh4 51. a5 Bf4+ 52. Kd4 Be5+ 53.
Kc4 Rh1 54. a6 Rc1+ 55. Kd3 h4 0-1

[Event "Let's Play Chess!"]
[Site "http://www.queenalice.com/game.php?id=894346"]
[Date "2011.2.2"]
[Round "-"]
[White "arliones"]
[Black "rotwein"]
[Result "0-1"]
[WhiteElo "1387"]
[BlackElo "2094"]

1. e4 c5 2. Bc4 e6 3. Qf3 Nc6 4. d3 Ne5 5. Qh5 Nxc4 6. dxc4 Nf6 7. Qf3 d6 8. b3
Be7 9. Bb2 O-O 10. e5 dxe5 11. Bxe5 Qb6 12. c3 Bd7 13. Nd2 Bc6 14. Qd3 Bxg2 15.
f3 Bxh1 16. Nh3 Rad8 17. Qe2 Qc6 18. O-O-O Rxd2 19. Rxd2 Bxf3 20. Qd3 Qe4 21.
Ng5 Qxd3 22. Rxd3 Bc6 23. b4 cxb4 24. cxb4 Bxb4 25. h4 Ne4 26. Nxe4 Bxe4 27. Rd7
Bc6 28. Rd3 f6 29. Bd6 Bxd6 30. Rxd6 Kf7 31. Kc2 Ke7 32. Rd4 Rd8 0-1

[Event "AUTO-INT-2004"]
[Site "http://www.queenalice.com/game.php?id=924445"]
[Date "2011.4.10"]
[Round "1"]
[White "cmnetto"]
[Black "arliones"]
[Result "1-0"]
[WhiteElo "1872"]
[BlackElo "1365"]

1. e4 e5 2. Nf3 Nc6 3. Nc3 Nf6 4. Bb5 Bb4 5. O-O a6 6. Bxc6 dxc6 7. d3 O-O 8.
Nxe5 Qd4 9. Nf3 Qc5 10. Be3 Qe7 11. Ne2 1-0

[Event "AUTO-INT-2004"]
[Site "http://www.queenalice.com/game.php?id=924446"]
[Date "2011.4.10"]
[Round "1"]
[White "arliones"]
[Black "cmnetto"]
[Result "0-1"]
[WhiteElo "1363"]
[BlackElo "1874"]

1. e4 c5 2. c4 Nc6 3. g3 g6 4. Bg2 Bg7 5. Nf3 d6 6. Ng5 Nf6 7. f4 O-O 8. d3 Nd4
9. Nc3 Bg4 10. Qa4 Bd7 11. Nb5 Bxb5 0-1

[Event "AUTO-INT-3064"]
[Site "http://www.queenalice.com/game.php?id=1389088"]
[Date "2015.10.13"]
[Round "1"]
[White "Alexx"]
[Black "arliones"]
[Result "0-1"]
[WhiteElo "1349"]
[BlackElo "1375"]

1. e4 Nc6 2. Nf3 e5 3. Nc3 Nf6 4. Bb5 d5 5. Bxc6+ bxc6 6. exd5 cxd5 7. d3 e4 8.
Nd4 Bb7 9. Bg5 Bc5 10. Bxf6 Qxf6 0-1